<?xml version="1.0" encoding="UTF-8"?>
<record
    xmlns:xsi="http://www.w3.org/2001/XMLSchema-instance"
    xsi:schemaLocation="http://www.loc.gov/MARC21/slim http://www.loc.gov/standards/marcxml/schema/MARC21slim.xsd"
    xmlns="http://www.loc.gov/MARC21/slim">

  <leader>03495cam a22003254a 4500</leader>
  <controlfield tag="001">16685533</controlfield>
  <controlfield tag="005">20201128021151.0</controlfield>
  <controlfield tag="008">110309s2011    xxkadk frb   f001 0 eng d</controlfield>
  <datafield tag="010" ind1=" " ind2=" ">
    <subfield code="a">2011010608</subfield>
  </datafield>
  <datafield tag="020" ind1=" " ind2=" ">
    <subfield code="a">9781107002135 (hardback)</subfield>
  </datafield>
  <datafield tag="020" ind1=" " ind2=" ">
    <subfield code="a">1107002133 (hardback)</subfield>
  </datafield>
  <datafield tag="035" ind1=" " ind2=" ">
    <subfield code="a">(OCoLC)ocn716067129</subfield>
  </datafield>
  <datafield tag="040" ind1=" " ind2=" ">
    <subfield code="a">DLC</subfield>
    <subfield code="c">DLC</subfield>
    <subfield code="d">YDX</subfield>
    <subfield code="d">YDXCP</subfield>
    <subfield code="d">UKMGB</subfield>
    <subfield code="d">CDX</subfield>
    <subfield code="d">UTO</subfield>
    <subfield code="d">BWX</subfield>
    <subfield code="d">DLC</subfield>
    <subfield code="d">EG-ScBUE</subfield>
  </datafield>
  <datafield tag="082" ind1="0" ind2="0">
    <subfield code="a">621.38412</subfield>
    <subfield code="2">22</subfield>
    <subfield code="b">DIG</subfield>
  </datafield>
  <datafield tag="245" ind1="0" ind2="0">
    <subfield code="a">Digital front-end in wireless communication and broadcasting :</subfield>
    <subfield code="b">circuits and signal processing /</subfield>
    <subfield code="c">edited by Fa-Long Luo.</subfield>
  </datafield>
  <datafield tag="260" ind1=" " ind2=" ">
    <subfield code="a">Cambridge, United Kingdom ;</subfield>
    <subfield code="a">New York, United States :</subfield>
    <subfield code="b">Cambridge University Press,</subfield>
    <subfield code="c">2011.</subfield>
  </datafield>
  <datafield tag="300" ind1=" " ind2=" ">
    <subfield code="a">xxiii, 763 p. :</subfield>
    <subfield code="b">charts, forms, tables ;</subfield>
    <subfield code="c">26 cm.</subfield>
  </datafield>
  <datafield tag="500" ind1=" " ind2=" ">
    <subfield code="a">Index : p. 758-763.</subfield>
  </datafield>
  <datafield tag="504" ind1=" " ind2=" ">
    <subfield code="a">Includes bibliographical references.</subfield>
  </datafield>
  <datafield tag="505" ind1="0" ind2=" ">
    <subfield code="a">Lauri Anttila; 18. Diversity and error compensation in OFDM transceivers : principles and implementation Tomohisa Wada ; 19. Front-end architectures and impairment corrections in multi-mode and multi-antenna systems G. Villemaud, J. Verdier, M. Gautier, I. Burciu and P. F. Morlat; Part V. Circuits and System Integration in Digital Front-End : 20. Integration and interface of digital front-end with analog front-end Steven Loh ; 21. Circuits and systems for digital front-ends to support multiple wireless standards Imtinan Elahi and Khurram Muhammad ; 22. Programming models and implementation platforms for software defined radio configuration Tanguy Risset, Riadh Ben Abdallah, Antoine Fraboulet and Jerome Martin ; 23. Programmable discrete-time integrated receiver front-ends Norm Filiol, Robert Klett and Thomas Riley ; 24. Multi-port front-end and transceivers for V-band multi-gigabit/s communication systems S. O. Tatu, E. Moldovan and S. Affes ; 25. Cross-layer design and digital front-end for cognitive wireless link M. Gautier, G. Villemaud, Cedric Le ;vy-Bencheton, Dominique Noguet and Tanguy Risset.</subfield>
  </datafield>
  <datafield tag="520" ind1=" " ind2=" ">
    <subfield code="a">"Covering everything from signal processing algorithms to integrated circuit design, this complete guide to digital front-end is invaluable for professional engineers and researchers in the fields of signal processing, wireless communication and circuit design. Showing how theory is translated into practical technology, it covers all the relevant standards and gives readers the ideal design methodology to manage a rapidly increasing range of applications. Step-by-step information for designing practical systems is provided, with a systematic presentation of theory, principles, algorithms, standards and implementation. Design trade-offs are also included, as are practical implementation examples from real-world systems. A broad range of topics is covered, including digital pre-distortion (DPD), digital up-conversion (DUC), digital down-conversion (DDC) and DC-offset calibration. Other important areas discussed are peak-to-average power ratio (PAPR) reduction, crest factor reduction (CFR), pulse-shaping, image rejection, digital mixing, delay/gain/imbalance compensation, error correction, noise-shaping, numerical controlled oscillator (NCO) and various diversity methods"-</subfield>
  </datafield>
  <datafield tag="650" ind1=" " ind2="0">
    <subfield code="a">Radio</subfield>
    <subfield code="x">Transmitters and transmission</subfield>
    <subfield code="9">36986</subfield>
  </datafield>
  <datafield tag="650" ind1=" " ind2="0">
    <subfield code="a"> Digital communications</subfield>
    <subfield code="9">1260</subfield>
  </datafield>
  <datafield tag="650" ind1=" " ind2="0">
    <subfield code="a">Signal processing</subfield>
    <subfield code="x">Digital techniques</subfield>
    <subfield code="9">23318</subfield>
  </datafield>
  <datafield tag="650" ind1=" " ind2="0">
    <subfield code="a">Radio circuits</subfield>
    <subfield code="9">34801</subfield>
  </datafield>
  <datafield tag="653" ind1=" " ind2=" ">
    <subfield code="b">ENGELC</subfield>
    <subfield code="c">December2014</subfield>
  </datafield>
  <datafield tag="655" ind1=" " ind2=" ">
    <subfield code="v">reading book</subfield>
    <subfield code="9">34232</subfield>
  </datafield>
  <datafield tag="700" ind1="1" ind2=" ">
    <subfield code="a">Luo, Fa-Long</subfield>
    <subfield code="9">36987</subfield>
  </datafield>
  <datafield tag="942" ind1=" " ind2=" ">
    <subfield code="2">ddc</subfield>
    <subfield code="k">621.38412 DIG</subfield>
  </datafield>
  <datafield tag="999" ind1=" " ind2=" ">
    <subfield code="c">18799</subfield>
    <subfield code="d">18771</subfield>
  </datafield>
  <datafield tag="952" ind1=" " ind2=" ">
    <subfield code="0">0</subfield>
    <subfield code="1">0</subfield>
    <subfield code="2">ddc</subfield>
    <subfield code="4">0</subfield>
    <subfield code="7">0</subfield>
    <subfield code="8">Baccah</subfield>
    <subfield code="a">MAIN</subfield>
    <subfield code="b">MAIN</subfield>
    <subfield code="c">1ST</subfield>
    <subfield code="d">2014-12-18</subfield>
    <subfield code="e">purchase</subfield>
    <subfield code="g">1062.00</subfield>
    <subfield code="h">21291</subfield>
    <subfield code="l">1</subfield>
    <subfield code="m">39</subfield>
    <subfield code="o">621.38412 DIG</subfield>
    <subfield code="p">000037216</subfield>
    <subfield code="r">2025-07-15 00:00:00</subfield>
    <subfield code="s">2017-10-12</subfield>
    <subfield code="v">1328.00</subfield>
    <subfield code="y">BB</subfield>
  </datafield>
</record>
